Investičné a finančné rozhodovanie firiem

Program - investičné rozhodovanie - prostriedok a pomôcka finančných manažérov pri vypracovaní variantov investičných projektov a pre rozhodovanie o ich prijímaní. Základné vstupy a výstupy tabuľky pre investičné rozhodovanie. Celková ponuka programu a opis jeho funkcií. Financovanie do cenných papi...

Description complète

Enregistré dans:
Détails bibliographiques
Auteur principal: Marček, Dušan
Format: Chapitre de livre
Langue:slovaque
Sujets:
Tags: Ajouter un tag
Pas de tags, Soyez le premier à ajouter un tag!

MARC

LEADER 00000naa a2200000 4500
001 r018102
005 20221129133923.8
041 0 |a slo 
044 |a CZ 
245 1 0 |a Investičné a finančné rozhodovanie firiem  |c Dušan Marček 
520 |a Program - investičné rozhodovanie - prostriedok a pomôcka finančných manažérov pri vypracovaní variantov investičných projektov a pre rozhodovanie o ich prijímaní. Základné vstupy a výstupy tabuľky pre investičné rozhodovanie. Celková ponuka programu a opis jeho funkcií. Financovanie do cenných papierov a aplikačné možnosti. 
610 2 0 |a rozhodovanie finančné 
610 2 0 |a rozhodovanie 
610 2 0 |a investície 
610 2 0 |a projekty investičné 
610 2 0 |a programy počítačové 
610 2 0 |a firmy 
610 2 0 |a papiere cenné 
100 1 |a Marček, Dušan